Taylor Swift Commonly Misheard Lyrics #1 - Statistics

General Stats
  • This quiz has been taken 57 times
  • The average score is 4 of 6
Answer Stats
Hint Answer % Correct
”Got a long list of Starbucks lovers” Blank Space
97%
“He looks so pretty like the devil” Cruel Summer
95%
”I feel eleven turkeys creeping up on me” Lavender Haze
69%
“And the stratosphere comes creepin’ in” I Knew You Were Trouble
51%
“Your neck was hanging from my neck” Out Of The Woods
49%
“Baby, the duck is vegan” …Ready For It?
33%
No matching quizzes found
Score Distribution
Percent of People with Each Score
Percentile by Number Answered
Your Score History
You have not taken this quiz